00666nam a22002057a 4500999001900000005001700019010001500036020002700051035001400078037001300092082000600105100001800111245008600129250000600215260003500221270004500256300002100301942002000322952011800342 c190290d19029020220721151313.0 aENG-133807 a9781615993932c1174.00 aEN-117339 bDBAD/PUB aS aDominic, K.V. aSanchita karma and other tales of ethics and choice from India /cby K.V. Dominic a  aMIbModern History Pressc2018 a5145 Pontiac Trail, Ann ArborbMIe48105 a130p.c23cm(pbk) 2ddccENhSmDOM 001040708NFICaBNbBNd2022-07-21eDBAD/PUBg1174.00l0oS DOMpEN-117339r2022-07-21 00:00:00t1v1174.00yEN